Chata SUNLAKES, Slnečné jazerá - Sever, Senec

Saved in:
Bibliographic Details
Main Author: Arnoulová, Jana, 1989- (Author)
Other Authors: Gürtler, Ivan, 1942- (Thesis advisor)
Format: Manuscript Book
Language:Slovak
Published: Bratislava : STU v Bratislave SvF, 2013
Subjects:
Online Access:VAIS
https://opac.crzp.sk/?fn=detailBiblioForm&sid=9359D1AC2B33EC8F6786F0DC0F9A
Tags: Add Tag
No Tags, Be the first to tag this record!

MARC

LEADER 00000ntm a22000003a 4500
001 stu271896
005 20231010101913.8
008 130720s2013----xo------------------slo-d
040 |a STU  |b slo 
041 0 |a slo 
044 |a xo 
100 1 |a Arnoulová, Jana,  |d 1989-  |4 aut  |u V  |T SvF Stavebná fakulta  |X 67744  |U V  |Y 10  |7 A000067744 
242 0 0 |a ,,Chata SUNLAKES",Slnečné jazerá - Sever,Senec  |y eng 
245 1 |a Chata SUNLAKES, Slnečné jazerá - Sever, Senec 
260 |a Bratislava :  |b STU v Bratislave SvF,  |c 2013 
650 7 |a relax  |2 stusub 
650 7 |a podnik  |2 stusub 
650 7 |a hotel  |2 stusub 
650 7 |a prechodné ubytovanie  |2 stusub 
700 1 |a Gürtler, Ivan,  |d 1942-  |4 ths  |u A1110  |U FAD Fakulta architektúry  |T FA Ústav architektúry obytných budov  |U A1110  |Y 392 
856 4 |a info a plný text  |u http://is.stuba.sk/zp/portal_zp.pl?podrobnosti=68563  |3 VAIS 
856 4 |a CRZP  |u https://opac.crzp.sk/?fn=detailBiblioForm&sid=9359D1AC2B33EC8F6786F0DC0F9A